Project Management : a systems approach to planning, scheduling, and controlling (Record no. 9579)

MARC details
000 -LEADER
fixed length control field 00627nam a22002177a 4500
003 - CONTROL NUMBER IDENTIFIER
control field OSt
005 - DATE AND TIME OF LATEST TRANSACTION
control field 20251022140154.0
008 - FIXED-LENGTH DATA ELEMENTS--GENERAL INFORMATION
fixed length control field 251022b |||||||| |||| 00| 0 eng d
020 ## - INTERNATIONAL STANDARD BOOK NUMBER
International Standard Book Number 9781119805373
040 ## - CATALOGING SOURCE
Transcribing agency DDC
082 ## - DEWEY DECIMAL CLASSIFICATION NUMBER
Classification number 658.404 KER 2022
100 ## - MAIN ENTRY--PERSONAL NAME
Personal name Kerzner, Harold
9 (RLIN) 5426
245 ## - TITLE STATEMENT
Title Project Management : a systems approach to planning, scheduling, and controlling
250 ## - EDITION STATEMENT
Edition statement Inter ed.
260 ## - PUBLICATION, DISTRIBUTION, ETC. (IMPRINT)
Place of publication, distribution, etc. New Jersey; John Wiley, 2022
300 ## - PHYSICAL DESCRIPTION
Extent xxiii,814p.; Col.ill: 32.5cm
504 ## - BIBLIOGRAPHY, ETC. NOTE
Bibliography, etc Index included
650 ## - SUBJECT ADDED ENTRY--TOPICAL TERM
Topical term or geographic name as entry element Project management
9 (RLIN) 5305
650 ## - SUBJECT ADDED ENTRY--TOPICAL TERM
Topical term or geographic name as entry element Project planning
9 (RLIN) 19484
942 ## - ADDED ENTRY ELEMENTS (KOHA)
Source of classification or shelving scheme Dewey Decimal Classification
Koha item type Open Shelf
Holdings
Withdrawn status Lost status Source of classification or shelving scheme Damaged status Not for loan Home library Current library Date acquired Source of acquisition Inventory number Total Checkouts Full call number Barcode Date last seen Koha item type
    Dewey Decimal Classification     MUST Main Library MUST Main Library 22/10/2025 Purchase 25/42468   658.404 KER 2022 2025-0158 22/10/2025 Open Shelf
    Dewey Decimal Classification     MUST Main Library MUST Main Library 22/10/2025 Purchase 25/42469   658.404 KER 2022 2025-0159 22/10/2025 Open Shelf